<Die> Tayloristische Betriebs- und Soziallehre und ihre Auswirkungen auf die Arbeitswelt und die Arbeitswissenschaften Dissertation

Enregistré dans:
Détails bibliographiques
Auteur principal: Panne, Dirk
Collectivité auteur: Ekonomická univerzita v Bratislave
Autres auteurs: Vykopal, Ferdinand
Format: Livre
Langue:allemand
Publié: Bratislava 1992
Édition:1. Aufl.
Sujets:
Tags: Ajouter un tag
Pas de tags, Soyez le premier à ajouter un tag!

MARC

LEADER 00000nam a2200000 4500
001 c014206
005 20250509100834.2
041 0 |a ger 
044 |a SK 
245 1 0 |a <Die> Tayloristische Betriebs- und Soziallehre und ihre Auswirkungen auf die Arbeitswelt und die Arbeitswissenschaften  |b Dissertation  |c Dirk Panne ; Škol. Ferdinand Vykopal 
250 |a 1. Aufl. 
264 1 |a Bratislava  |c 1992 
300 |a 244 s. 
610 2 0 |a práca 
610 2 0 |a veda o práci 
610 2 0 |a taylorizmus 
610 2 0 |a manažment 
610 2 0 |a podnik 
610 2 0 |a hospodárstvo podnikové 
610 2 0 |a procesy sociálne 
610 2 0 |a integrácia 
610 2 0 |a racionalizácia 
100 1 |a Panne, Dirk 
700 1 |a Vykopal, Ferdinand 
710 2 |a Ekonomická univerzita v Bratislave